|
|
|
|
| LEADER |
00871nam a22002417a 4500 |
| 001 |
12527 |
| 003 |
BD-DhAAL |
| 005 |
20141123163444.0 |
| 008 |
141123b gw ||||| |||| 00| 0 eng d |
| 082 |
|
|
|2 22
|a 722.8
|
| 100 |
|
|
|a Martin, Roland
|9 6119
|
| 245 |
|
|
|a Greece /
|c Roland Martin; Henri Stierlin
|
| 260 |
|
|
|a [Köln] :
|b Benedikt Taschen,
|
| 300 |
|
|
|a 192 pages :
|b illustrations ;
|c 21 cm.
|
| 490 |
|
|
|a Architecture of the world, 6.
|
| 504 |
|
|
|a Includes bibliographical references [189-190]
|
| 541 |
|
|
|e 12527
|
| 650 |
|
|
|a Architecture
|z Greece.
|9 6120
|
| 700 |
|
|
|a Stierlin, Henri
|9 6121
|
| 852 |
|
|
|a Ayesha Abed Library
|c General Stacks
|
| 942 |
|
|
|2 ddc
|c BK
|
| 999 |
|
|
|c 33100
|d 33100
|
| 952 |
|
|
|0 0
|1 0
|2 ddc
|4 0
|6 722_800000000000000_MAR
|7 0
|9 44175
|a BRACUL
|b BRACUL
|c GEN
|d 2014-11-23
|l 0
|o 722.8 MAR
|p 3010012527
|r 2014-11-23
|t 1
|w 2014-11-23
|y BK
|x Price not available in Register
|